000 00584nam a22001577a 4500
005 20260703131339.0
008 260703b |||||||| |||| 00| 0 eng d
020 _a9789784842552
050 _aBP63.N5
_bC78 2012
245 _aCrowns and Turbans in the promotion of Islam in Osun State
_bEssays in honour of his Royal majesty Oba Raufu Olayiwola Adedeji II The Akinrun of Ikinrun
_c/edited by Sisan Oyeweso
260 _aIbadan
_bMatrix Books Ltd.
_c2012.
300 _axx, 271p.
_bill.
650 _aIslam
_vNigeria
_xOsun state
650 _aMuslims
_vOsun state
_xHistory
942 _cBK
999 _c41597
_d41597